[Event "Lovfalds EMT 18th D"]
[Site "Ringsted"]
[Date "2004.09.19"]
[Round "5"]
[White "Hansen, Arne Mandrup"]
[Black "Andersen, Claus"]
[Result "1/2-1/2"]
[WhiteElo "1314"]
[BlackElo "1443"]
[PlyCount "53"]
[EventDate "2004.09.17"]
[EventType "swiss"]
[EventRounds "5"]
[EventCountry "DEN"]
[SourceTitle "EXT 2023"]
[Source "ChessBase"]
[SourceDate "2022.10.05"]
[SourceVersion "1"]
[SourceVersionDate "2022.10.05"]
[SourceQuality "1"]

1. d4 Nf6 2. Bf4 d5 3. e3 e6 4. Nf3 c5 5. c4 Nc6 6. h3 Bd6 7. Bxd6 Qxd6 8. cxd5 exd5 9. Bb5 0-0 10. Bxc6 bxc6 11. 0-0 cxd4 12. exd4 Ba6 13. Re1 Rfe8 14. Nc3 Bb7 15. Qb3 Qc7 16. Qa4 a6 17. Rac1 Rxe1+ 18. Rxe1 h6 19. Qb4 Re8 20. Rxe8+ Nxe8 21. Ne2 Bc8 22. Qc3 f6 23. Ng3 Nd6 24. Qc2 Be6 25. Qe2 Qc8 26. Kh2 Nb5 27. Qc2 1/2-1/2

[Event "Lovfalds 15th D"]
[Site "Ringsted"]
[Date "2001.09.14"]
[Round "1"]
[White "Andersen, Claus"]
[Black "Nilsson, Jonas Gosta"]
[Result "1/2-1/2"]
[WhiteElo "1514"]
[BlackElo "1522"]
[PlyCount "54"]
[EventDate "2001.09.14"]
[EventType "tourn"]
[EventRounds "5"]
[EventCountry "DEN"]
[SourceTitle "EXT 2023"]
[Source "ChessBase"]
[SourceDate "2022.10.05"]
[SourceVersion "1"]
[SourceVersionDate "2022.10.05"]
[SourceQuality "1"]

1. e4 e5 2. Nf3 Nc6 3. Bb5 d6 4. 0-0 Bd7 5. d4 Nxd4 6. Bxd7+ Qxd7 7. Nxd4 exd4 8. Qxd4 c5 9. Qd3 0-0-0 10. Nc3 Nf6 11. a4 d5 12. exd5 Nxd5 13. Nxd5 Qxd5 14. Qxd5 Rxd5 15. Be3 Be7 16. c3 a6 17. Rac1 c4 18. Bd4 f6 19. Rfe1 Bd6 20. Re4 Kd7 21. g3 Re8 22. Rxe8 Kxe8 23. Rb1 b5 24. axb5 Rxb5 25. Ra1 a5 26. Ra4 Rxb2 27. Rxa5 Rb7 1/2-1/2